Dearest Bess; (Record no. 130161)
[ view plain ]
| 000 -LEADER | |
|---|---|
| fixed length control field | 01306cam a22003131 4500 |
| 001 - CONTROL NUMBER | |
| control field | 7455732 |
| 003 - CONTROL NUMBER IDENTIFIER | |
| control field | ARRUPE |
| 005 - DATE AND TIME OF LATEST TRANSACTION | |
| control field | 20200122091935.0 |
| 008 - FIXED-LENGTH DATA ELEMENTS--GENERAL INFORMATION | |
| fixed length control field | 720821s1955 enka 000 0beng |
| 010 ## - LIBRARY OF CONGRESS CONTROL NUMBER | |
| LC control number | 55002689 |
| 015 ## - NATIONAL BIBLIOGRAPHY NUMBER | |
| National bibliography number | GB55-3054 |
| 035 ## - SYSTEM CONTROL NUMBER | |
| System control number | (OCoLC)385622 |
| 040 ## - CATALOGING SOURCE | |
| Original cataloging agency | DLC |
| Transcribing agency | OKentU |
| Modifying agency | OCoLC |
| -- | Uk |
| -- | DLC |
| 050 00 - LIBRARY OF CONGRESS CALL NUMBER | |
| Classification number | DA522.D5 |
| Item number | S85 1955 |
| 082 ## - DEWEY DECIMAL CLASSIFICATION NUMBER | |
| Classification number | 920.7 |
| 300 ## - PHYSICAL DESCRIPTION | |
| Other physical details | illus. |
| Dimensions | 23 cm. |
| 100 1# - MAIN ENTRY--PERSONAL NAME | |
| Personal name | Stuart, Dorothy Margaret. |
| 9 (RLIN) | 48985 |
| 245 10 - TITLE STATEMENT | |
| Title | Dearest Bess; |
| Remainder of title | the life and times of Lady Elizabeth Foster, afterwards Duchess of Devonshire, from her unpublished journals and correspondence. |
| Statement of responsibility, etc | Dorothy Margaret Stuart |
| 260 ## - PUBLICATION, DISTRIBUTION, ETC. (IMPRINT) | |
| Place of publication, distribution, etc | London, |
| Name of publisher, distributor, etc | Methuen |
| Date of publication, distribution, etc | [1955] |
| 300 ## - PHYSICAL DESCRIPTION | |
| Extent | 266 p. |
| 600 10 - SUBJECT ADDED ENTRY--PERSONAL NAME | |
| Personal name | Devonshire, Elizabeth Cavendish, |
| Titles and other words associated with a name | Duchess of, |
| Dates associated with a name | 1758-1824. |
| 9 (RLIN) | 48986 |
| 600 10 - SUBJECT ADDED ENTRY--PERSONAL NAME | |
| Personal name | Devonshire, William Cavendish, |
| Titles and other words associated with a name | Duke of, |
| Dates associated with a name | 1748-1811 |
| General subdivision | Marriage. |
| 9 (RLIN) | 48987 |
| 650 #0 - SUBJECT ADDED ENTRY--TOPICAL TERM | |
| Topical term or geographic name as entry element | Mistresses |
| Geographic subdivision | Great Britain |
| Form subdivision | Biography. |
| 9 (RLIN) | 48988 |
| 650 #0 - SUBJECT ADDED ENTRY--TOPICAL TERM | |
| Topical term or geographic name as entry element | Nobility |
| Geographic subdivision | Great Britain |
| Form subdivision | Biography. |
| 9 (RLIN) | 48970 |
| 651 #0 - SUBJECT ADDED ENTRY--GEOGRAPHIC NAME | |
| Geographic name | Great Britain |
| General subdivision | History |
| Chronological subdivision | George III, 1760-1820 |
| Form subdivision | Biography. |
| 9 (RLIN) | 48989 |
| 651 #0 - SUBJECT ADDED ENTRY--GEOGRAPHIC NAME | |
| Geographic name | Great Britain |
| General subdivision | Social life and customs |
| Chronological subdivision | 18th century |
| -- | Sources. |
| 9 (RLIN) | 48990 |
| 651 #0 - SUBJECT ADDED ENTRY--GEOGRAPHIC NAME | |
| Geographic name | Great Britain |
| General subdivision | Social life and customs |
| Chronological subdivision | 19th century |
| Form subdivision | Sources. |
| 9 (RLIN) | 48991 |
| 906 ## - LOCAL DATA ELEMENT F, LDF (RLIN) | |
| a | 7 |
| b | cbc |
| c | oclcrpl |
| d | u |
| e | ncip |
| f | 19 |
| g | y-gencatlg |
| 942 ## - ADDED ENTRY ELEMENTS (KOHA) | |
| Source of classification or shelving scheme | Library of Congress Classification |
| Koha item type | Monograph ( Printed materials) |
| Withdrawn status | Lost status | Source of classification or shelving scheme | Damaged status | Not for loan | Collection code | Home library | Current library | Shelving location | Date acquired | Total Checkouts | Full call number | Barcode | Date last seen | Price effective from | Koha item type |
|---|---|---|---|---|---|---|---|---|---|---|---|---|---|---|---|
| Library of Congress Classification | Main Collection | ARRUPE LIBRARY | ARRUPE LIBRARY | Main Collection | 22/01/2020 | DA522.D5 S85 1955 | 46600006181 | 22/01/2020 | 22/01/2020 | Monograph ( Printed materials) |